ՀՀ Գիտությունների ազգային ակադեմիայի հիմնարար գիտական գրադարան  =   Fundamental Scientific Library of NAS RA

Գետերը չեն հոգնում : (Record no. 93670)

MARC details
000 -LEADER
fixed length control field 00810nam a2200205 a 4500
001 - CONTROL NUMBER
control field 000259417
003 - CONTROL NUMBER IDENTIFIER
control field AM-YeHGA
005 - DATE AND TIME OF LATEST TRANSACTION
control field 20250618071734.0
008 - FIXED-LENGTH DATA ELEMENTS--GENERAL INFORMATION
fixed length control field 030908s1981 ai 000 | arm d
040 ## - CATALOGING SOURCE
Original cataloging agency AM-YeHGA
090 ## - LOCALLY ASSIGNED LC-TYPE CALL NUMBER (OCLC); LOCAL CALL NUMBER (RLIN)
-- 94970
100 1# - MAIN ENTRY--PERSONAL NAME
Personal name Բեգլարյան, Հրաչյա Միքայելի,
Dates associated with a name 1934-2009
9 (RLIN) 9437
245 10 - TITLE STATEMENT
Title Գետերը չեն հոգնում :
Remainder of title Բանաստեղծություններ /
Statement of responsibility, etc. Հր. Բեգլարյան; Խմբ.՝ Ա. Հովհաննիսյան; Նկ.՝ Վլ. Սադիխյան.
260 ## - PUBLICATION, DISTRIBUTION, ETC.
Place of publication, distribution, etc. Բաքու :
Name of publisher, distributor, etc. Յազըչը,
Date of publication, distribution, etc. 1981.
300 ## - PHYSICAL DESCRIPTION
Extent 126 էջ :
Other physical details դիմանկ. ;
Dimensions 16 սմ.
650 14 - SUBJECT ADDED ENTRY--TOPICAL TERM
Topical term or geographic name entry element Հայ գրականություն
General subdivision Պոեզիա
700 1# - ADDED ENTRY--PERSONAL NAME
Personal name Հովհաննիսյան, Ա.
Relator term խմբ.
Relationship edt
700 1# - ADDED ENTRY--PERSONAL NAME
Personal name Սադիխյան, Վլ.
Relator term նկ.
Relationship art
942 ## - ADDED ENTRY ELEMENTS (KOHA)
Source of classification or shelving scheme Universal Decimal Classification
Koha item type Գրքեր / Books
Holdings
Withdrawn status Lost status Damaged status Not for loan Collection Home library Current library Date acquired Total checkouts Full call number Barcode Date last seen Cost, replacement price Price effective from Koha item type Public note
        General Fundamental Scientific Library Fundamental Scientific Library 22/12/2016   AI/16922 FL0058539 22/12/2016 45.00 22/12/2016 Գրքեր / Books 30 Days Loan
        General Fundamental Scientific Library Fundamental Scientific Library 22/12/2016   AI/16923 FL0058538 22/12/2016 45.00 22/12/2016 Գրքեր / Books 30 Days Loan


ՀՀ ԳԱԱ հիմնարար գիտական գրադարան
ՀՀ,Երևան 0019
Մարշալ Բաղրամյան 24/6
հեռախոս:(374-10) 52-47-50
Հետադարձ կապ

All site content, except where otherwise noted, is licensed under a
Creative Commons License